000 01094cam a22003254a 4500
001 31917
005 20230411085954.0
008 041029s2002 bl a b 000 0 por c
035 _a(DLCov) 2004342719
035 _a13846650
925 0 _aacquire
_b1 shelf copy
_xpolicy default
942 _2lcc
_cbk
010 _a2004342719
020 _a8534702543
035 _a(OCoLC)ocm50910395
040 _aLRU
_cLRU
_dDLC
042 _apcc
043 _as-bl---
097 1 4 _a103 BL 2590
_bG943 2002
245 0 0 _aGuia de religioes populares do Brasil :
_brezas, simbolos, santos, ancestrais, deuses afro-brasileiros, ciganos, historias /
_cEneida Duarte Gaspar, org.
246 3 _aReligioes populares
260 _aRio de Janeiro :
_bPallas,
_cc2002.
300 _a251, [5] p. :
_bill. ;
_c23 cm.
500 _aBased on: Anuario afro-brasileiro, published between 1996 and 1998.
504 _aIncludes bibliographical references (p. [253]).
651 0 _aBrazil
_xReligion.
651 0 _aBrazil
_xReligious life and customs.
700 1 _aGaspar, Eneida Duarte.
985 _eODE-rj
999 _c110265
_d110265